LEADER 02641oam 2200625I 450 001 996218281303316 005 20230607221433.0 010 $a1-134-58859-3 010 $a1-134-58860-7 010 $a1-280-31785-X 010 $a0-203-46546-6 024 7 $a10.4324/9780203465462 035 $a(CKB)1000000000403488 035 $a(EBL)180189 035 $a(OCoLC)50734714 035 $a(SSID)ssj0000104353 035 $a(PQKBManifestationID)11114339 035 $a(PQKBTitleCode)TC0000104353 035 $a(PQKBWorkID)10100292 035 $a(PQKB)11254901 035 $aebr2002699 035 $a(MiAaPQ)EBC180189 035 $a(EXLCZ)991000000000403488 100 $a20180331d2001 uy 0 101 0 $aeng 135 $aur|n|---||||| 181 $ctxt 182 $cc 183 $acr 200 10$aAnxiety in a risk society /$fIain Wilkinson 210 1$aLondon ;$aNew York :$cRoutledge,$d2001. 215 $a1 online resource (176 p.) 225 1 $aHealth, risk and society 300 $aDescription based upon print version of record. 311 $a0-415-22680-5 311 $a0-415-22681-3 320 $aIncludes bibliographical references and index. 327 $aBook Cover; Title; Contents; Preface; Acknowledgements; Introduction; Towards a sociological conception of the problem of anxiety; Social indicators of anxiety; Coping: from personal style to cultural critique; Anxiety in relation to risk; A speculative age; Conclusion; Notes; References; Index 330 $aFew would dispute that we are living at a time of high anxiety and uncertainty in which many of us will experience a crisis of identity at some point or another. At the same time, news media provide us with a daily catalogue of disasters from around the globe to remind us that we inhabit a world of crisis, insecurity and hazard. Anxiety in a Risk Society : looks at the problem of contemporary anxiety from a sociological perspective highlights its significance for the ways we make sense of risk and uncertainty argues that the relationship between anxiety and risk hinges on the natur 410 0$aHealth, risk and society. 606 $aRisk$xSociological aspects 606 $aAnxiety$xSociological aspects 615 0$aRisk$xSociological aspects. 615 0$aAnxiety$xSociological aspects. 676 $a302.12 676 $a302/.12 686 $a71.49$2bcl 700 $aWilkinson$b Iain$f1969,$0982050 801 0$bMiAaPQ 801 1$bMiAaPQ 801 2$bMiAaPQ 906 $aBOOK 912 $a996218281303316 996 $aAnxiety in a risk society$92241222 997 $aUNISA LEADER 01171nam0 22002773i 450 001 VAN00067006 005 20250110124317.449 010 $a88-8265-105-3 100 $a20090128d2000 |0itac50 ba 101 $aita 102 $aIT 105 $a|||| ||||| 200 1 $aRavenna$fValentina Manzelli 210 $aRoma$cL'erma di Bretschneider$d[2000] 215 $a251 p., [2] c. geogr. ripieg.$cill.$d26 cm 410 1$1001VAN00060196$12001 $aAtlante tematico di topografia antica. Supplementi$1210 $aRoma$cL'erma di Bretschneider$d1995-$v8 410 1$1001VAN00060227$12001 $aCittą romane$1210 $aRoma$cL'erma di Bretschneider$d2000-.$v2 620 $dRoma$3VANL000360 700 1$aManzelli$bValentina$3VANV053232$0185414 712 $aL'erma di Bretschneider $3VANV108245$4650 801 $aIT$bSOL$c20250117$gRICA 899 $aBIBLIOTECA DEL DIPARTIMENTO DI LETTERE E BENI CULTURALI$1IT-CE0103$2VAN07 912 $aVAN00067006 950 $aBIBLIOTECA DEL DIPARTIMENTO DI LETTERE E BENI CULTURALI$d07CONS Per ATTA 2000 Sup. $e07 9378 20090128 996 $aRavenna$9874170 997 $aUNICAMPANIA